Vybrané aspekty elektronického podnikania

Charakteristika elektronického obchodu. Strana nákupu - buy side. Enterprise resource planning (ERP) a využívanie tohto systému v podnikaní. Riadenie dodávateľského reťazca - Supply chain management (SCM). Riadenie zásob dodávateľom - Vendor managed inventory (VIM). eProcurement - nákup a predaj pro...

Ausführliche Beschreibung

Gespeichert in:
Bibliographische Detailangaben
1. Verfasser: Cárachová, Magdaléna
Format: Buchkapitel
Sprache:Slowakisch
Schlagworte:
Tags: Tag hinzufügen
Keine Tags, Fügen Sie das erste Tag hinzu!

MARC

LEADER 00000nla$a2200000$$$4500
001 0124190
005 20240502072412.8
041 0 |a slo 
044 |a SK 
245 1 0 |a Vybrané aspekty elektronického podnikania  |c Magdaléna Cárachová 
520 |a Charakteristika elektronického obchodu. Strana nákupu - buy side. Enterprise resource planning (ERP) a využívanie tohto systému v podnikaní. Riadenie dodávateľského reťazca - Supply chain management (SCM). Riadenie zásob dodávateľom - Vendor managed inventory (VIM). eProcurement - nákup a predaj prostredníctvom internetu. Strana predaja - sell side. Riadenie vzťahov so zákazníkmi - CRM. 
610 2 0 |a podnikanie elektronické 
610 2 0 |a systémy informačné integrované 
610 2 0 |a internet 
610 2 0 |a riadenie vzťahov so zákazníkmi 
610 2 0 |a riadenie zásob 
610 2 0 |a riadenie reťazcov dodávateľských 
610 2 0 |a konkurencieschopnosť 
100 1 |a Cárachová, Magdaléna